| 000 | 01215nam a22002537a 4500 | ||
|---|---|---|---|
| 005 | 20240814174153.0 | ||
| 008 | s1972 eng d | ||
| 040 | _aNALT | ||
| 041 | _aeng | ||
| 100 | 0 | _aSchwartz, Bernard | |
| 245 | 1 | 0 | _aConstitutional law : a textbook |
| 260 | 3 |
_aNew York : _bMamcillan, _c1972 |
|
| 300 |
_a424 p. ; _b 24 cm. |
||
| 505 | 0 | _aCHAPTER ONE The Courts and Judicial Review SECTION -- CHAPTER THREE Congressional Power -- CHAPTER FOUR Commerce Clause -- CHAPTER FIVE Executive Power -- CHAPTER SIX Property Rights -- CHAPTER SEVEN Criminal Procedure -- CHAPTER EIGHT First Amendment Freedoms -- CHAPTER NINE Equal Protection -- The Constitution of the United States of America Analytical Index to the Constitution of the United States and the Amendments --Thereto Table of Cases Index. | |
| 650 | 0 | 4 | _aConstitutional amendments -- United States |
| 650 | 0 | 4 | _aConstitutional law -- United States |
| 650 | 0 | 4 | _aConstitutions |
| 650 | 0 | 4 | _aConstitutions -- United States |
| 650 | 0 | 4 | _aUnited States -- Constitutional law |
| 850 | _aNALT | ||
| 942 |
_cLB _2lcc |
||
| 999 |
_c20307 _d20307 |
||
| 998 |
_j25 _k นีลวัสน์ อินทรักษา |
||
| 090 | _aKD35.U6.1 S33C 1972 | ||